000 01036cam a2200289 i 4500
999 _c3522
_d3522
001 2705736
003 GZU
005 20201202092302.0
008 760213r1976 ctu b 001 0 eng
010 _a 76004537
020 _a0837188369
040 _aDLC
_cDLC
_dDLC
043 _ad------
050 1 0 _aHD 6223
_b.YOU 1976
082 0 0 _a331.4/09172/4
100 1 _aYoussef, Nadia Haggag.
245 1 0 _aWomen and work in developing societies /
_cNadia Haggag Youssef.
260 _aWestport, Conn. :
_bGreenwood Press,
_c1976, c1974.
300 _ax, 137 p. ;
_c24 cm.
500 _aReprint of the ed. published by the Institute of International Studies, University of California, Berkeley, which was issued as no. 15 of the Population monograph series.
500 _aIncludes index.
504 _aBibliography: p. 129-137.
650 0 _aWomen
_xEmployment
_zDeveloping countries.
830 0 _aPopulation monograph series ;
_vno. 15.
906 _a7
_bcbc
_corignew
_d1
_eocip
_f19
_gy-gencatlg
942 _2lcc
_cBK
_h6223
_iYOU
_kHD